00566nam a2200205 a 450000100060000000300080000600500170001400800410003103500140007204000320008604100080011808200220012610000330014824500380018126000310021930000250025050000290027550400300030465000260033443364BD-RjUL20211209053704.0160621s1948 pk b 000 0 eng  a(BD-RjUL) aDLCcICUdICUdBD-RjULbeng aeng00a338.954bKUI 19481 aKureshi, Bashir Ahmadd1914-10aIndustrial planning for Pakistan. aLahore :bFerozsons,c1948 aii, 170 p. ;c22 cm. a"Errata": leaf inserted. aBibliography: p. 169-170. 0aIndustrieszPakistan.